| 000 | 01064nam a22003377a 4500 | ||
|---|---|---|---|
| 001 | 7458 | ||
| 003 | FISKH | ||
| 005 | 20250716160239.0 | ||
| 008 | 250716b cb ||||| |||| 00| 0 eng d | ||
| 020 | _a9780060098964 | ||
| 040 |
_aFISKH _beng _cFISKH _dFISKH |
||
| 050 | _aPZ7.D3696 R | ||
| 082 | _a468 | ||
| 100 | _aDelacre, Lulu | ||
| 245 |
_aRafi and Rosi / _cBy Lulu Delacre |
||
| 250 | _aFirst Edition | ||
| 260 |
_aNew York : _bHarper Collins Publishers , _c2004. |
||
| 300 |
_a63 pages : _bcolor illustrations ; _c23 cm . |
||
| 490 | _aAn I can read book | ||
| 505 | _aH | ||
| 520 | _a"Rafi and Rosi, two curious tree frogs, explore the bomba, plena, and salsa music traditions of their home island, Puerto Rico"-- | ||
| 521 | 8 |
_a430
_bLexile estimate |
|
| 521 | 8 |
_aH
_bRaz-Plus |
|
| 650 |
_aTree-frogs _vFiction |
||
| 650 |
_aFrog _vFiction |
||
| 650 |
_aBrothers and sisters _vFiction |
||
| 650 |
_aNatural history-Puerto Rico _vFiction |
||
| 650 |
_aPuerto Rico _vFiction |
||
| 942 |
_2ddc _cBK _n0 |
||
| 999 |
_c7458 _d7458 |
||